000 00487pab a2200169 454500
008 180718b2003 xxu||||| |||| 00| 0 eng d
100 _aJain, Sanjay K.
245 _aSnow and forest cover assessment of Uttaranachal state using IRS IC wifs data
260 _c2003
300 _ap.91-99.
362 _aJun
650 _aForests - India - Uttaranachal
650 _aForests
700 _aChaudhry, Anju
773 _aJournal of the Indian Society of Remote Sensing
909 _a57216
999 _c57216
_d57216